000 01589nam a2200325 a 4500
001 BRCA_2869
005 20190320204016.0
008 111208s1839----gw-a---###---#000-0dger-u
041 _ager
044 _agw
084 _a281
_b.F56
_c1839
100 1 _aCervantes Saavedra, Miguel de
_d1547-1616
_9213
245 1 0 _aDer sinnreiche Junker Don Quixote von la Mancha
_cvon Miguel de Cervantes Saavedra.
260 _aPforzheim (Alemania)
_bDennig, Finck
_c1839
300 _a2 v. en 6 t.
_bil.
_c16 cm.
_e10 láminas plegables
440 0 _aRomane und Novellen aus dem Spanischen des Miguel Cervantes de Saavedra
_98012
500 _aContenido : v 1. Primera parte. Prólogo del autor. Noticia sobre la vida y obra del autr. Texto traducido de la escrita por Viardot. -- v 2. Segunda parte. Prólogo del autor. Texto
500 _aEdición : Aus dem Spanischen. Mit Illustrationen nach Tony Johannot
500 _aEl texto de esta edición va ajustado al de la anterior. La parte tipográfica es muy buena y las láminas de T. Johannot están bien estampadas. Semipiel; las lomeras están decoradas con dorados Lúdovik Osterc
500 _aQM515
546 _aTexto en : alemán
650 1 4 _aNovela española
_yÉpoca clásica, 1500-1700
_9215
650 1 4 _aLiteratura española
_yÉpoca clásica, 1500-1700
_9216
650 1 4 _aNovela española
_ySiglo XVII
_9217
650 1 4 _aDon Quijote (Personaje ficticio)
_eNovela
_9218
700 1 _aJohannot, Tony
_d1803-1852
_eIlustrador
_98013
740 0 _aEl Ingenioso Hidalgo Don Quijote de la Mancha
902 _aQFM
942 _2lcc
_cB
999 _c2608
_d2608